00420 2200169 4500001002100000005001500021008004100036020002200077035001900099041000700118082000800125090001400133100002000147245003600167260002800203300001900231INLIS00000000002494820241224131827241224||||||||| | ||| |||| || |  a978-602-366-122-0 0010-1224024948 aid0 a813 a813 ANI k0 aAnisa Widiyarti00aPersahabatan Hewan dan Tumbuhan aSolobTiga Anandac2016 a56 hlm.; 24 cm